000 00193 a2200097 4500
020 _a9788434819290
041 _aspa
100 _acompany merce
245 _ala historia de ernesto
942 _cBK
999 _c31615
_d31613